ბათუმის შოთა რუსთაველის სახელმწიფო უნივერსიტეტის ბიბლიოთეკა

Lewin's genes XII / (ბიბ.ჩანაწერი № 57389)

000 -LEADER
fixed length control field 01144cam a2200241 i 4500
001 - CONTROL NUMBER
control field 19400685
005 - DATE AND TIME OF LATEST TRANSACTION
control field 20221107171351.0
008 - FIXED-LENGTH DATA ELEMENTS--GENERAL INFORMATION
fixed length control field 161206t20182018maua 001 0 eng
020 ## - INTERNATIONAL STANDARD BOOK NUMBER
International Standard Book Number 9781284104493 X
041 ## - LANGUAGE CODE
Language code of text/sound track or separate title eng
080 ## - UNIVERSAL DECIMAL CLASSIFICATION NUMBER
Universal Decimal Classification number 575.8 K-82
100 1# - MAIN ENTRY--PERSONAL NAME
Personal name Krebs, Jocelyn E.
9 (RLIN) 8406
245 00 - TITLE STATEMENT
Title Lewin's genes XII /
Statement of responsibility, etc. Jocelyn E. Krebs, University of Alaska, Anchorage, Elliott S. Goldstein, Arizona State University, Stephen T. Kilpatrick, University of Pittsburgh at Johnstown.
264 #4 - PRODUCTION, PUBLICATION, DISTRIBUTION, MANUFACTURE, AND COPYRIGHT NOTICE
Date of production, publication, distribution, manufacture, or copyright notice 2018.
Place of production, publication, distribution, manufacture Burlington, MA :
Name of producer, publisher, distributor, manufacturer Jones & Bartlett Learning,
300 ## - PHYSICAL DESCRIPTION
Extent 837 pages :
Other physical details illustrations (chiefly color) ;
Dimensions 29 cm.
653 ## - INDEX TERM--UNCONTROLLED
keyword გენები
653 ## - INDEX TERM--UNCONTROLLED
keyword მედიცინა
653 ## - INDEX TERM--UNCONTROLLED
keyword გენეტიკური ფენომენი
700 1# - ADDED ENTRY--PERSONAL NAME
Personal name Goldstein, Elliott S.,
Relator term ავტორი
9 (RLIN) 8407
700 1# - ADDED ENTRY--PERSONAL NAME
Personal name Kilpatrick, Stephen T.,
Relator term ავტორი
9 (RLIN) 8408
856 ## - ELECTRONIC LOCATION AND ACCESS
Uniform Resource Identifier https://books.google.ge/books?id=pNdLDgAAQBAJ&printsec=frontcover&dq=9781284104493&hl=en&sa=X&ved=2ahUKEwixjqn-tIPqAhV8QxUIHbE5AMAQ6AEwAHoECAMQAg#v=onepage&q=9781284104493&f=false
Link text ელ. ვერსია pdf
942 ## - ADDED ENTRY ELEMENTS (KOHA)
Source of classification or shelving scheme
Koha item type წიგნი
ეგზემპლარები
Withdrawn status Lost status Source of classification or shelving scheme Damaged status Not for loan Permanent Location Current Location Shelving location Date acquired Cost, normal purchase price Full call number Barcode Date last seen Copy number Price effective from Koha item type Public note
          ბათუმის შოთა რუსთაველის სახელმწიფო უნივერსიტეტის მთავარი ბიბლიოთეკა ბათუმის შოთა რუსთაველის სახელმწიფო უნივერსიტეტის მთავარი ბიბლიოთეკა წიგნსაცავი 2020-06-15 242.00 575.8 K-82 60587 2020-06-15 60587 2020-06-15 წიგნი 242 ლ.